000
00290nam a22001097a 4500
082
_a
355.33041 LEA'H
100
_a
BLAIR, JOHN D, HUNT, JAMES G
_9
65922
245
_a
LEADERSHIP ON THE FUTURE BATTLE FIELD
260
_a
RAWALPINDI
_b
ARMY EDUCATION PRESS
_c
1988
300
_a
349P
942
_c
BK
999
_c
573993
_d
573993